00358nam a2200133Ia 4500008004100000020001500041041001200056082001600068100001900084245006400103260003500167300000800202650001400210221030s9999 xx 000 0 und d a8178084597 aEnglish a105.23bPfl aS. L. Pfleeger 0aSoftware Engineering - Theory & Practicecby S. L. Pfleeger bPearson EducationaDelhic2003 a659 aComputers